| 000 | 02446cam a22003255a 4500 | ||
|---|---|---|---|
| 999 |
_c27304 _d27275 |
||
| 005 | 20190327103607.0 | ||
| 008 | 170512t2018 gw a frb 001 0 eng d | ||
| 020 | _a9783132008519 | ||
| 040 |
_aEG-ScBUE _beng _cEG-ScBUE _dEG-ScBUE |
||
| 041 | 1 |
_aeng _hger |
|
| 082 | 0 | 4 |
_a617.643 _bWIC _222 |
| 100 | 1 | _aWichelhaus, Andrea. | |
| 240 | 1 | 0 |
_aKieferorthopädie - Therapie. _lEnglish |
| 245 | 1 | 0 |
_aOrthodontic therapy : _bfundamental treatment concepts / _cAndrea Wichelhaus ; with the assistance of Tena Eichenberg ; [translator Angela Trowell] |
| 260 |
_aStuttgart ; _aNew York : _bThieme , _cc.2018. |
||
| 300 |
_axiii, 564 p. : _bill. (col.) ; _c28 cm. |
||
| 490 | 0 | _aColor atlas of dental medicine | |
| 504 | _aIncludes bibliographical references and index. | ||
| 520 | _aCreated in the tradition and style of Thieme's renowned Dental Atlas series, and the product of many years of research and practical experience, Orthodontic Therapy covers the basics of the diagnosis, prevention, and correction of malpositioned teeth and jaws. Clear and concise texts, and thousands of accurate and rich illustrations, most in full color and presented in Thieme's award-winning two-page spreads, make for efficient and pleasant assimilation of this highly detailed and comprehensive material. Key Features: Almost 4,000 images with extensive legends and concise running texts Current and up-to-date, building upon the basic principles of biology, mechanics, and biomechanics, to reflect the state of the research today, using the most advanced materials and techniques Information on treatment concepts including functional orthodontics and orthodontic treatment, integration of retained teeth, anchorage options, finishing and retention, adult therapy, and aesthetic alternatives Step-by-step coverage of all the therapy methods with explanations and illustrations A wealth of expert tips and tricks. Experienced orthodontists and trainees will greatly value this comprehensive work, both as review and as an authoritative introductory text. | ||
| 546 | _aText in English ; translated from original German. | ||
| 650 | 7 |
_aMalocclusion _xtherapy. _2BUEsh |
|
| 650 | 7 |
_aOrthodontics _xmethods. _2BUEsh |
|
| 650 | 7 |
_aMalocclusion _vAtlases. _2BUEsh |
|
| 650 | 7 |
_aOrthodontics _vAtlases. _2BUEsh |
|
| 651 | _2BUEsh | ||
| 653 |
_bDDent _cMarch2019 |
||
| 700 | 1 | _aEichenberg, Tena. | |
| 700 | 1 |
_aTrowell, Angela, _etranslator. |
|
| 942 | _2ddc | ||